000 00510nam a2200145Ia 4500
008 200226s9999 xx 000 0 und d
020 _a978-1-98463-451-1
245 _cEdited by: Aleksandar Mratinkovic.--
_aHousekeeping in hospitality operations /
250 _a2nd ed.
260 _aNew York :
_b3G E-Learning
_c2019
300 _a343 pages :
_billustration ;
_c23 cm.
500 _aIncludes bibliographical references and index.
650 _aHotel housekeeping -- management.
650 _aHotel management.
999 _c362974
_d362974